Sculptors - Statistics

General Stats
  • This quiz has been taken 20 times
  • The average score is 10 of 44
Answer Stats
Hint Answer % Correct
David Michelangelo
94%
The Thinker Rodin
94%
Pieta Michelangelo
61%
The Ecstasy of St. Theresa Bernini
56%
Defined the Baroque movement in sculpture Bernini
39%
The Burghers of Calais Rodin
39%
Known for fountains in Rome Bernini
33%
Honoré de Balzac Rodin
33%
The Age of Bronze Rodin
33%
Fountain of the Four Rivers Bernini
28%
The Kiss Brancusi
28%
Bird in Space Brancusi
28%
Gattamelata Donatello
28%
Won a 1401 competition against Brunelleschi to design the 28 panels on the north doors of the Florentine Cathedral. Also designed 10 panels on the east doors Ghiberti
28%
Bronze Doors on the Florence Baptistery Ghiberti
28%
The dome of the St. Peter's Basilica Michelangelo
28%
Statue of Athena in the Parthenon Phidias
28%
Pair of Doors for the Museum of Decorative Arts (The Gates of Hell) Rodin
28%
Major figure in Modernism Brancusi
22%
Seated Statue in the Lincoln Memorial French
22%
Preferred to work in Carraran marble Michelangelo
22%
Chryselephantine Statue of Zeus at Olympia Phidias
22%
Liberty Enlightening the World (The Statue of Liberty) Bartholdi
17%
Crafted Mount Rushmore Borglum
17%
Sleeping Muse Brancusi
17%
US customs tried to tax his works as industrial products, because they weren't recognized as art Brancusi
17%
St. George Donatello
17%
Bacchus Michelangelo
17%
Moses Michelangelo
17%
Considered the greatest of all Classical sculptors Phidias
17%
Zuccone (depicts the prophet Habakkuk) Donatello
11%
St. Mark Donatello
11%
The Minute Man French
11%
Standing Lincoln French
11%
Supported by Delian League Money Phidias
11%
Statue of Marquis de Lafayette Bartholdi
6%
Triton Bernini
6%
An unfinished and replaced confederate tribute on Stone Mountain Borglum
6%
Known for mastering the schiacciato technique Donatello
6%
Also a goldsmith Ghiberti
6%
Dying Slave Michelangelo
6%
The Lion of Belfort Bartholdi
0%
The Mares of Diomedes Borglum
0%
Taught Donatello and Filippo Brunelleschi Ghiberti
0%
No matching quizzes found
Score Distribution
Percent of People with Each Score
Percentile by Number Answered
Your Score History
You have not taken this quiz